000 00663cam a22002411 4500
001 sa 65008012
003 DLC
005 20260227112152.0
008 900209s1962 ii 000 0 hino
010 _asa 65008012
035 _a(OCoLC)21029413
040 _aDLC
_cWaU
_dDLC
042 _apremarc
050 0 0 _aPK575
_b.V5
100 1 _aBidyāsāgara, Īśvaracandra,
_d1820-1891.
245 1 0 _aSaṃskr̥ta-vyākaraṇa-kaumudī.
260 _c[1962]
300 _a4 v. in 1.
_c19 cm.
440 0 _aVidyabhawan Sanskrit granthamala,
_v72
500 _aIn Hindi.
650 0 _aSanskrit language
_xGrammar.
700 1 _aVedāntaśāstrī, Gopālacandra.
999 _c65484
_d65484